000 01042nam a22002295i 4500
001 165222
003 ES-MaACL
005 20250719063322.0
008 990903s1895 sp |||| | spa d
040 _aCCPB | B
_bspa
_cCCPB | B
100 1 _aSerpa Pimentel, António de,
_d1825-1900
_eaut
_9132658
245 1 3 _aEl anarquismo :
_bestudio acerca de la cuestión social /
_cpor Antonio de Serpa Pimentel ; versión castellana de Rafael Álvarez Sereix.
260 _aMadrid :
_b[s.n.],
_c1895
_f(Tip. de los Hijos de M.G. Hernández)
300 _a87 páginas ;
_c18 cm.
650 4 _aAnarquismo
_2embne
_99783
650 4 _aProblemas sociales
_2embne
_916415
700 1 _aÁlvarez Sereix, Rafael,
_d1856-1946
_etrl
_920966
852 _aES-MaACL
_cDEPOF
_gDedic. ms. de Rafael Álvarez Sereix a la Biblioteca del Ateneo
_hDonativo de Rafael Álvarez Sereix
_jT-875-F-4
_xEnc. en un vol. facticio
_xHolandesa, conservando cub. original
942 _2udc
_cFOLLETOS
_n0
999 _c165222
_d165222